Los pescadores de la laguna de Términos (notice nᵒ 4059)
[ vue normale ]
| 000 -Sello discográfico | |
|---|---|
| campo de control de longitud fija | 01101nam a2200325 4500 |
| 005 - Identificación de versión | |
| campo de control | 20260511094919.0 |
| 010 ## - Número Estándar Internacional de Libros (ISBN) | |
| Número (ISBN) | 968-496-063-8 |
| 035 ## - Otros números de control del sistema | |
| Número de control del sistema | 25954 |
| 099 ## - fechas locales | |
| Tipo de ítem Koha | LIBRO |
| 100 ## - Datos de procesamiento general | |
| Datos de procesamiento general | 19990316d1984 m y1spay5003 ba |
| 101 ## - Idioma del recurso | |
| Idioma del texto, banda sonora, etc. | Español; Castellano |
| 105 ## - Campo de datos codificados: Material textual, monográfico | |
| Datos codificados de monografía | a 001zy |
| 200 1# - Título y mención de responsabilidad | |
| Título propio | Los pescadores de la laguna de Términos |
| Designación general del material | texto impreso |
| Primer mención de responsabilidad | Roberto Rodríguez C |
| 205 ## - Declaración de edición | |
| Declaración de edición | 1a ed |
| 210 ## - Publicación, distribución, etc. | |
| Lugar de publicación, distribución, etc. | México |
| Nombre del editor, distribuidor, etc. | Centro de Investigaciones y Estudios Superiores en Antropología Social |
| Fecha de publicación, distribución, etc. | 1984 |
| 215 ## - Descripción física | |
| Designación de material específico y extensión del ítem | 101 p |
| Otras características físicas | il. |
| Dimensiones | 23 cm |
| 327 ## - Nota de contenidos | |
| Texto de la nota | Condiciones laborales de los pescadores camaroneros en Ciudad del Carmen, Campeche / Roberto Melville |
| 345 ## - Nota de información de adquisición | |
| Fuente de adquisición/dirección de la suscripción [OBSOLETO] | Donación del Centro Cultural |
| 410 #1 - Series | |
| Título | Cuadernos de la Casa Chata |
| Número de volumen | 112 |
| 410 #1 - Series | |
| Título | Serie Los Pescadores de México |
| Número de volumen | 3 |
| 606 ## - Término temático usado como materia | |
| Elemento de entrada | Pesca |
| Subdivisión geográfica | Ciudad del Carmen, Campeche (México) |
| Número Koha | 8047 |
| 606 ## - Término temático usado como materia | |
| Elemento de entrada | Pescadores mexicanos |
| Número Koha | 8042 |
| 660 ## - Código de área geográfica | |
| Código | MX |
| 700 ## - Nombre personal - Responsabilidad primaria | |
| Elemento de entrada | Rodríguez C |
| Parte del nombre distinta del elemento de entrada | Roberto |
| Número Koha | 8048 |
| 701 ## - Nombre personal - Responsabilidad alternativa | |
| Elemento de entrada | Melville |
| Parte del nombre distinta del elemento de entrada | Roberto |
| Fechas | 1946- |
| Número Koha | 8049 |
| 801 #0 - Fuente de origen | |
| País | FR |
| Agencia | cm |
| Reglas de catalogación (convenciones descriptivas) | AFNOR |
| 942 ## - ELEMENTOS DE ENTRADA SECUNDARIOS (KOHA) | |
| Tipo de ítem Koha | Livre |
| Estatus retirado | Estado de daño | Estado de pérdida | Fecha de adquisición | Biblioteca de origen | Biblioteca actual | Ubicación en estantería | Código de barras | Precio de reemplazo | Signatura topográfica completa | No para préstamo | Tipo de ítem Koha | Nota pública | Nota no pública |
|---|---|---|---|---|---|---|---|---|---|---|---|---|---|
| 05/08/2025 | Casa México Paris | Casa México Paris | 006927 | 05/08/2025 | 572.09 C961 V.112 | Livre | 20221018LIV | 751145101 |